Dunnett v Railtrack plc (in railway administration) (Record no. 73363)

MARC details
000 -LEADER
fixed length control field 01397cam a2200205 4500
001 - CONTROL NUMBER
control field ABS67061
008 - FIXED-LENGTH DATA ELEMENTS--GENERAL INFORMATION
fixed length control field 030909n2003 000 0 eng u
035 ## - SYSTEM CONTROL NUMBER
System control number (Sirsi) u123509
245 ## - TITLE STATEMENT
Title Dunnett v Railtrack plc (in railway administration)
260 ## - PUBLICATION, DISTRIBUTION, ETC.
Date of publication, distribution, etc. 2003
490 ## - SERIES STATEMENT
Series statement All England Law Reports
Volume/sequential designation [2002] 2 All ER 850-853(4)
520 ## - SUMMARY, ETC.
Summary, etc. [2002] EWCA Civ 303, 22 February 2002. Whilst claimant D was granted permission to appeal to the CA against the dismissal of her claim for damages against defendant R, she was recommended to consider the possibility of alternative dispute resolution in accordance with Civil Procedure Rules 1.4. D was willing to explore the possibility of settling the dispute by alternative dispute resolution, but R rejected the idea. R offered to pay D a sum to settle her claim which D rejected as she did not consider the sum offered to be reasonable or fair. D lost her appeal, R sought its costs referring to the offers it had made. Taking into account R's refusal to consider alternative dispute resolution, the CA gave no order as to costs. (See also Abs66423, X118533, X118601 and X118619)
590 ## - LOCAL NOTE (RLIN)
Local note ABS
650 ## - SUBJECT ADDED ENTRY--TOPICAL TERM
Topical term or geographic name entry element COSTS
650 ## - SUBJECT ADDED ENTRY--TOPICAL TERM
Topical term or geographic name entry element DUNNETT V RAILTRACK PLC
650 ## - SUBJECT ADDED ENTRY--TOPICAL TERM
Topical term or geographic name entry element ALTERNATIVE DISPUTE RESOLUTION
650 ## - SUBJECT ADDED ENTRY--TOPICAL TERM
Topical term or geographic name entry element MEDIATION
690 ## - LOCAL SUBJECT ADDED ENTRY--TOPICAL TERM (OCLC, RLIN)
Topical term or geographic name as entry element MANGEMENT-DISPUTE AVOIDANCE, MANAGEMENT AND RESOLUTION-DISPUTE MANAGEMENT AND RESOLUTION
942 ## - ADDED ENTRY ELEMENTS (KOHA)
Suppress in OPAC 0
Holdings
Withdrawn status Lost status Source of classification or shelving scheme Damaged status Not for loan Home library Current library Shelving location Date acquired Total Checkouts Full call number Barcode Date last seen Copy number Price effective from Koha item type
    Dewey Decimal Classification     London London Journal article 09/09/2003   ABS67061 123509-1001 06/08/2019 1 06/08/2019 Law report